LIBRARY ONLINE CATALOGUE

Pharmaceutical formulation design: (Record no. 20629)

MARC details
000 -LEADER
fixed length control field 00484nam a22001577a 4500
008 - FIXED-LENGTH DATA ELEMENTS--GENERAL INFORMATION
fixed length control field 250207b |||||||| |||| 00| 0 eng d
020 ## - INTERNATIONAL STANDARD BOOK NUMBER
International Standard Book Number 9781789856620
050 ## - LIBRARY OF CONGRESS CALL NUMBER
Classification number RS200
Item number .P43 2020
245 ## - TITLE STATEMENT
Title Pharmaceutical formulation design:
Remainder of title recent practices /
Statement of responsibility, etc. edited by Usama Ahmad and Juber Akhtar
260 ## - PUBLICATION, DISTRIBUTION, ETC. (IMPRINT)
Place of publication, distribution, etc. London:
Name of publisher, distributor, etc. Intechopen,
Date of publication, distribution, etc. 2020
300 ## - PHYSICAL DESCRIPTION
Extent x, 151p. ;
650 ## - SUBJECT ADDED ENTRY--TOPICAL TERM
Topical term or geographic name as entry element Drug development
700 ## - ADDED ENTRY--PERSONAL NAME
Personal name Ahmad, Usama
Relator term Editor
700 ## - ADDED ENTRY--PERSONAL NAME
Personal name Ahktar, Juber
Relator term Editor
942 ## - ADDED ENTRY ELEMENTS (KOHA)
Source of classification or shelving scheme Library of Congress Classification
Koha item type General Collection
Holdings
Withdrawn status Lost status Source of classification or shelving scheme Not for loan Home library Current library Shelving location Date acquired Cost, normal purchase price Inventory number Total Checkouts Full call number Barcode Date last seen Copy number Price effective from Koha item type
    Library of Congress Classification   Kabarak, Main Campus Kabarak, Main Campus General Stacks 07/02/2025 20922.00 2025/2052   RS200 .P43 2020 C.1 33369 07/02/2025 C.1 07/02/2025 General Collection
    Library of Congress Classification   Kabarak, Main Campus Kabarak, Main Campus General Stacks 07/02/2025 20922.00 2025/2051   RS200 .P43 2020 C.2 33370 07/02/2025 C.2 07/02/2025 General Collection
    Library of Congress Classification   Kabarak, Main Campus Kabarak, Main Campus General Stacks 07/02/2025 20922.00 2025/2050   RS200 .P43 2020 C.3 33371 07/02/2025 C.3 07/02/2025 General Collection